¿Colegios científicos o humanistas? Una discusión contemporánea /
Gardado en:
| Autor Principal: | |
|---|---|
| Formato: | Texto |
| Etiquetas: |
Engadir etiqueta
Sen Etiquetas, Sexa o primeiro en etiquetar este rexistro!
|
MARC
| LEADER | 00000 a a2200000 04500 | ||
|---|---|---|---|
| 001 | 17385 | ||
| 003 | |||
| 040 | |||
| 100 | |a Gallardo, Helio | ||
| 245 | |a ¿Colegios científicos o humanistas? Una discusión contemporánea / |c Helio Gallardo | ||
| 773 | |g número 4; páginas 421-456 | ||
| 999 | |c 22022 |d 22022 | ||
